[Event "XXXII Olimpiadi femminile"]
[Site "Yerevan ARM"]
[Date "1996.09.18"]
[Round "3.2"]
[White "Zavatta, Benedetta"]
[Black "Horvath, Maria"]
[Result "1/2-1/2"]
[WhiteElo "1897"]
[BlackElo "2040"]
[Annotator "ITA-AUT"]
[PlyCount "66"]
[EventDate "1996.09.16"]

1. d4 e6 2. Nf3 f5 3. c4 Nf6 4. g3 d5 5. Bg2 c6 6. Nbd2 Bd6 7. O-O O-O 8. b3
Bd7 9. Bb2 Be8 10. Ne5 Nbd7 11. Ndf3 Bh5 12. Qc1 Ne4 13. e3 Bxf3 14. Bxf3 Bxe5
15. dxe5 Qb8 16. Bxe4 fxe4 17. Ba3 Rf5 18. Bd6 Qe8 19. Qc3 Qh5 20. f4 exf3 21.
Rf2 g5 22. cxd5 exd5 23. e4 dxe4 24. Qc4+ Kg7 25. Qxe4 g4 26. Re1 Re8 27. Qd4
Re6 28. Qxa7 Qf7 29. Qxb7 Nxe5 30. Bxe5+ Rfxe5 31. Qxf7+ Kxf7 32. Rxe5 Rxe5 33.
Rc2 Ke7 1/2-1/2

[Event "XXXII Olimpiadi femminile"]
[Site "Yerevan ARM"]
[Date "1996.09.18"]
[Round "3.3"]
[White "Sommer, Sonja"]
[Black "Parrino, Giuseppina"]
[Result "0-1"]
[WhiteElo "2030"]
[BlackElo "1849"]
[Annotator "ITA-AUT"]
[PlyCount "48"]
[EventDate "1996.09.16"]

1. e4 c5 2. Nf3 e6 3. d4 cxd4 4. Nxd4 Nc6 5. Nc3 a6 6. Be3 Qc7 7. a3 b5 8. Bd3
Bb7 9. O-O Nf6 10. f4 Bc5 11. Nf5 exf5 12. Bxc5 fxe4 13. Bxe4 Nd8 14. Bd6 Qb6+
15. Kh1 Nxe4 16. Nxe4 Bxe4 17. Re1 Qc6 18. Qd4 f5 19. Qxg7 Nf7 20. Rad1 O-O-O
21. Qxf7 Bxg2+ 22. Kg1 Rhg8 23. Qf6 Bh1+ 24. Kf2 Qf3# 0-1

[Event "XXXII Olimpiadi femminile"]
[Site "Yerevan ARM"]
[Date "1996.09.19"]
[Round "4.1"]
[White "Koskoska, Gabriela"]
[Black "Riegler, Alessandra"]
[Result "1-0"]
[WhiteElo "2150"]
[BlackElo "1840"]
[Annotator "ITA-MKD"]
[PlyCount "67"]
[EventDate "1996.09.16"]

1. e4 e6 2. d3 d5 3. Nd2 c5 4. g3 g6 5. Bg2 Bg7 6. Ngf3 Nc6 7. O-O Nge7 8. Re1
O-O 9. c3 f5 10. Qe2 fxe4 11. dxe4 Bd7 12. Nb3 b6 13. Bg5 Rf7 14. Rad1 h6 15.
Bxe7 Nxe7 16. exd5 exd5 17. Ne5 Bxe5 18. Qxe5 Bc6 19. Bh3 Kh7 20. Be6 Rg7 21.
Nc1 Qf8 22. Ne2 Qf3 23. Qf4 Qxf4 24. Nxf4 Rd8 25. Re5 d4 26. cxd4 cxd4 27. Bb3
Be8 28. Ne6 Nc6 29. Ree1 Rgd7 30. Ba4 Rd6 31. Nxd8 Rxd8 32. Re6 Rc8 33. Rxe8
Rxe8 34. Bxc6 1-0

[Event "XXXII Olimpiadi femminile"]
[Site "Yerevan ARM"]
[Date "1996.09.19"]
[Round "4.2"]
[White "Zavatta, Benedetta"]
[Black "Sekulovska, Vesna"]
[Result "1/2-1/2"]
[WhiteElo "1897"]
[BlackElo "2095"]
[Annotator "ITA-MKD"]
[PlyCount "29"]
[EventDate "1996.09.16"]

1. d4 d5 2. c4 e6 3. Nc3 Bb4 4. cxd5 exd5 5. Qc2 Nf6 6. a3 Bxc3+ 7. bxc3 c5 8.
Bg5 cxd4 9. cxd4 Nc6 10. Nf3 h6 11. Bd2 O-O 12. e3 Bg4 13. Be2 Rc8 14. Qb2 Ne4
15. O-O 1/2-1/2

[Event "XXXII Olimpiadi femminile"]
[Site "Yerevan ARM"]
[Date "1996.09.19"]
[Round "4.3"]
[White "Jovcevska, Pavlina"]
[Black "Parrino, Giuseppina"]
[Result "1-0"]
[WhiteElo "2070"]
[BlackElo "1849"]
[Annotator "ITA-MKD"]
[PlyCount "109"]
[EventDate "1996.09.16"]

1. e4 c5 2. d3 e6 3. g3 Nc6 4. Bg2 Nf6 5. Nc3 d5 6. Bg5 Be7 7. Qd2 h6 8. Bxf6
Bxf6 9. exd5 exd5 10. Bxd5 Nb4 11. Bg2 O-O 12. Nge2 Rb8 13. O-O Bf5 14. a3 Nc6
15. Qf4 Qd7 16. Rab1 Ne7 17. Ne4 Bxe4 18. Qxe4 Rfe8 19. Nc3 Nf5 20. Qd5 Qc8 21.
Ne4 Bd4 22. Bh3 Re5 23. Qb3 c4 24. Qb4 Qc6 25. Bxf5 Rxf5 26. Qxc4 Qxc4 27. dxc4
Re5 28. Nd6 Re2 29. c3 Bc5 30. Nb5 a6 31. Nd4 Re4 32. Rfe1 Rg4 33. h3 Rg6 34.
Re5 Bd6 35. Re4 Rc8 36. Nf5 Bc5 37. b4 Bf8 38. c5 Rd8 39. Rbe1 Rf6 40. Ne7+ Kh7
41. c4 Rd2 42. R1e2 Rd1+ 43. Kg2 Rd3 44. Nd5 Re6 45. Rxe6 fxe6 46. Rxe6 Rxa3
47. Re8 Kg8 48. Rb8 a5 49. b5 Ra2 50. c6 bxc6 51. bxc6 Kf7 52. c7 Bc5 53. Kf1
Ra1+ 54. Ke2 Ra2+ 55. Kd3 1-0

[Event "XXXII Olimpiadi femminile"]
[Site "Yerevan ARM"]
[Date "1996.09.20"]
[Round "5.1"]
[White "Riegler, Alessandra"]
[Black "Fierro Baquero, Martha Lorena"]
[Result "1/2-1/2"]
[WhiteElo "1840"]
[BlackElo "2200"]
[Annotator "ITA-ECU"]
[PlyCount "146"]
[EventDate "1996.09.16"]

1. e4 g6 2. d4 Bg7 3. Nc3 d6 4. Nf3 Nf6 5. h3 O-O 6. Bd3 Nbd7 7. O-O e5 8. dxe5
dxe5 9. Be3 Qe7 10. Qd2 Nc5 11. Rad1 Rd8 12. Qc1 c6 13. a3 b5 14. b4 Ncd7 15.
Qb2 a5 16. Ra1 Bb7 17. Nd2 Ne8 18. bxa5 Rxa5 19. Qb4 Qxb4 20. axb4 Rxa1 21.
Rxa1 Bf8 22. Na2 Ra8 23. Nb3 Nd6 24. Na5 Rc8 25. c4 bxc4 26. Nxc4 Nxc4 27. Bxc4
c5 28. f3 cxb4 29. Bb3 Nc5 30. Rb1 Nd3 31. Bd2 Ba6 32. Bd5 Bc5+ 33. Kh2 Rb8 34.
g3 Kf8 35. f4 exf4 36. gxf4 Ke7 37. e5 Rd8 38. Bg2 Rb8 39. Bd5 Rd8 40. Bg2 Nxe5
41. Bxb4 Nd3 42. Bxc5+ Nxc5 43. Nb4 Rd2 44. Kg3 Bd3 45. Nd5+ Kf8 46. Re1 Be4
47. Bxe4 Nxe4+ 48. Rxe4 Rxd5 49. Re3 Kg7 50. Kg4 Kf6 51. h4 h5+ 52. Kh3 Kf5 53.
Kg3 f6 54. Ra3 Ke4 55. Ra4+ Kf5 56. Ra3 Rd4 57. Ra5+ Ke4 58. Ra3 f5 59. Ra6
Rd3+ 60. Kg2 Kxf4 61. Rxg6 Rd2+ 62. Kg1 Kf3 63. Rg5 f4 64. Rxh5 Rd1+ 65. Kh2
Rd2+ 66. Kg1 Rg2+ 67. Kf1 Ra2 68. Kg1 Ra1+ 69. Kh2 Kf2 70. Rf5 f3 71. h5 Ke2
72. Re5+ Kd2 73. Rd5+ Kc1 1/2-1/2

[Event "XXXII Olimpiadi femminile"]
[Site "Yerevan ARM"]
[Date "1996.09.21"]
[Round "6.2"]
[White "Zavatta, Benedetta"]
[Black "Stewart, Tanya"]
[Result "1/2-1/2"]
[WhiteElo "1897"]
[BlackElo "2035"]
[Annotator "ITA-DEN"]
[PlyCount "91"]
[EventDate "1996.09.16"]

1. d4 Nf6 2. c4 g6 3. Nf3 Bg7 4. g3 O-O 5. Bg2 d6 6. O-O c6 7. Nc3 a6 8. Qc2
Nfd7 9. Rd1 b5 10. c5 b4 11. Ne4 d5 12. Ned2 Nf6 13. Ne5 Bb7 14. a3 Nbd7 15.
Ndf3 Nxe5 16. Nxe5 a5 17. axb4 axb4 18. Bd2 Nd7 19. Rxa8 Bxa8 20. Nxd7 Qxd7 21.
Bxb4 Bb7 22. Bc3 Ba6 23. e3 Bb5 24. Ra1 Qb7 25. Qb3 Ra8 26. Rxa8+ Qxa8 27. Qa3
Qa4 28. Qxa4 Bxa4 29. Kf1 Kf8 30. Ke1 Ke8 31. Bf3 Kd7 32. Bd1 Bb5 33. Be2 e6
34. Bxb5 cxb5 35. Kd2 Kc6 36. b4 Bf8 37. Kd3 h5 38. e4 Bg7 39. f3 Bf6 40. h4
Bd8 41. Bd2 f6 42. g4 Be7 43. Bh6 Bd8 44. gxh5 gxh5 45. Ke3 Bc7 46. Bg7 1/2-1/2

[Event "XXXII Olimpiadi femminile"]
[Site "Yerevan ARM"]
[Date "1996.09.21"]
[Round "6.3"]
[White "Jensen, Christine"]
[Black "Parrino, Giuseppina"]
[Result "1-0"]
[WhiteElo "2010"]
[BlackElo "1849"]
[Annotator "ITA-DEN"]
[PlyCount "36"]
[EventDate "1996.09.16"]

1. d4 d5 2. Nf3 Nf6 3. g3 Bg4 4. Bg2 e6 5. O-O c5 6. c4 Nc6 7. Ne5 Bh5 8. Nxc6
bxc6 9. Nc3 Rb8 10. Qa4 cxd4 11. cxd5 dxc3 12. dxc6 Rb4 13. Qxa7 cxb2 14. Bxb2
Rxb2 15. c7 Qc8 16. Bc6+ Nd7 17. Rfd1 Be7 18. Bxd7+ Qxd7 1-0

[Event "XXXII Olimpiadi femminile"]
[Site "Yerevan ARM"]
[Date "1996.09.23"]
[Round "7.3"]
[White "Parrino, Giuseppina"]
[Black "Hassan, Amina"]
[Result "0-1"]
[WhiteElo "1849"]
[BlackElo "2050"]
[Annotator "ITA-UAE"]
[PlyCount "50"]
[EventDate "1996.09.16"]

1. e4 c5 2. Nc3 e6 3. Bc4 a6 4. a4 d6 5. f4 Nf6 6. Nf3 Nc6 7. O-O d5 8. exd5
exd5 9. Ba2 Be7 10. d3 O-O 11. f5 Bxf5 12. Ng5 Bg6 13. Qf3 Ne5 14. Qe2 Nc6 15.
Nh3 Bh5 16. Qf2 Bg4 17. Nf4 Be6 18. Qg3 Nd4 19. Nxe6 fxe6 20. Bh6 Rf7 21. Bd2
Nxc2 22. Rac1 Nd4 23. Rce1 Qb6 24. Bc1 c4 25. dxc4 Ne2+ 0-1

[Event "XXXII Olimpiadi femminile"]
[Site "Yerevan ARM"]
[Date "1996.09.24"]
[Round "8.1"]
[White "Gramignani, Rita"]
[Black "Ratcu, Tatiana"]
[Result "1/2-1/2"]
[WhiteElo "2030"]
[BlackElo "2190"]
[Annotator "ITA-BRA"]
[PlyCount "119"]
[EventDate "1996.09.16"]

1. e4 c5 2. Nf3 e6 3. d4 cxd4 4. Nxd4 a6 5. Be2 Nf6 6. Nc3 Qc7 7. O-O Be7 8.
Be3 d6 9. f4 O-O 10. Kh1 Nc6 11. a3 Bd7 12. Nb3 Na5 13. Nxa5 Qxa5 14. Qd2 Qc7
15. Bf3 Bc6 16. Qf2 Rac8 17. Bd4 Nd7 18. Qg3 e5 19. Be3 exf4 20. Qxf4 Ne5 21.
Be2 b5 22. Rac1 Qb7 23. Rfd1 Rfe8 24. Nd5 Bf8 25. b3 Ng6 26. Qf3 Re5 27. Bd4
Bxd5 28. exd5 Re7 29. Bb2 Ne5 30. Bxe5 Rxe5 31. Bd3 g6 32. Re1 Qxd5 33. Qxd5
Rxd5 34. Be4 Rdc5 35. Bb7 Rb8 36. Bf3 Bg7 37. Rcd1 Be5 38. Be4 a5 39. Rf1 f5
40. Bd5+ Kg7 41. c4 a4 42. b4 Rc7 43. cxb5 Rxb5 44. Rd3 Bb2 45. Bf3 Re5 46.
Rxd6 Bxa3 47. Ra6 Rc1 48. Kg1 Rxf1+ 49. Kxf1 Bxb4 50. Rxa4 Bc5 51. Ra2 Re7 52.
Rb2 Bd6 53. h3 Kf6 54. Rb7 Re8 55. Bc6 Rc8 56. Bd5 Bg3 57. Ke2 Rd8 58. Bc4 Kg5
59. Rxh7 Re8+ 60. Kd3 1/2-1/2

[Event "XXXII Olimpiadi femminile"]
[Site "Yerevan ARM"]
[Date "1996.09.24"]
[Round "8.2"]
[White "Chaves, Joara"]
[Black "Riegler, Alessandra"]
[Result "0-1"]
[WhiteElo "2050"]
[BlackElo "1840"]
[Annotator "ITA-BRA"]
[PlyCount "88"]
[EventDate "1996.09.16"]

1. e4 c5 2. Nc3 Nc6 3. f4 e6 4. Nf3 Nge7 5. Bb5 g6 6. Bxc6 Nxc6 7. d3 Bg7 8.
O-O O-O 9. Be3 d6 10. Qd2 a6 11. Rae1 b5 12. e5 f5 13. Qf2 Re8 14. exd6 Qxd6
15. Ng5 Nd4 16. Nd1 h6 17. Nf3 Bb7 18. Nh4 e5 19. c3 Nc6 20. Bxc5 Qf6 21. Ne3
Rad8 22. Rd1 exf4 23. Qxf4 Re5 24. Bb6 Rf8 25. Qf2 Qf7 26. Nf3 Re6 27. Nd5 Ne5
28. Nxe5 Bxe5 29. Nb4 Qf6 30. Bc5 Rfe8 31. Rfe1 Qg5 32. Nc2 Qh5 33. h4 Bf6 34.
Rxe6 Rxe6 35. Qf1 Bxh4 36. Bf2 Re2 37. Bxh4 Rxg2+ 38. Qxg2 Bxg2 39. Kxg2 Qxd1
40. Ne3 Qxd3 41. Bf2 h5 42. a4 f4 43. Nf1 Qe4+ 44. Kg1 Qxa4 0-1

[Event "XXXII Olimpiadi femminile"]
[Site "Yerevan ARM"]
[Date "1996.09.26"]
[Round "10.1"]
[White "Sabirova, Sofia"]
[Black "Gramignani, Rita"]
[Result "1-0"]
[WhiteElo "2095"]
[BlackElo "2030"]
[Annotator "ITA-KGZ"]
[PlyCount "57"]
[EventDate "1996.09.16"]

1. d4 g6 2. Nf3 Nf6 3. Bg5 Bg7 4. Nbd2 d6 5. c3 Nbd7 6. e4 e5 7. dxe5 dxe5 8.
Bc4 O-O 9. O-O c6 10. Re1 Qc7 11. b4 Re8 12. Qc2 Nf8 13. Rad1 Be6 14. Bh4 h6
15. Bxe6 Rxe6 16. Nc4 Ne8 17. Re2 Bf6 18. Bg3 Qe7 19. Red2 Bg7 20. h4 f6 21. h5
gxh5 22. Ne3 Qf7 23. Nf5 Qg6 24. Qb3 Kh7 25. Rd7 Rb8 26. N3h4 Qg5 27. Nxg7 Nxg7
28. Nf5 Nxd7 29. Rxd7 1-0

[Event "XXXII Olimpiadi femminile"]
[Site "Yerevan ARM"]
[Date "1996.09.27"]
[Round "11.2"]
[White "Dekic, Biljana N."]
[Black "Riegler, Alessandra"]
[Result "0-1"]
[WhiteElo "2115"]
[BlackElo "1840"]
[Annotator "ITA-AUS"]
[PlyCount "74"]
[EventDate "1996.09.16"]

1. Nf3 Nf6 2. c4 g6 3. Nc3 Bg7 4. e4 d6 5. d4 Nbd7 6. h3 O-O 7. Be2 e5 8. d5
Nc5 9. Qc2 a5 10. O-O Ne8 11. Ne1 f5 12. f3 f4 13. Nd3 Nxd3 14. Bxd3 Qg5 15.
Kh1 Nf6 16. Ne2 Qh4 17. Ng1 Nh5 18. Rd1 g5 19. Bd2 g4 20. Be1 Ng3+ 21. Kh2 gxh3
22. gxh3 Rf6 23. Qg2 Rg6 24. Bf1 Qh5 25. Qf2 Bf6 26. Bg2 b6 27. Qc2 Bd7 28. Bf2
Kf7 29. Rd2 Rag8 30. Bxg3 Rxg3 31. Rf1 R8g6 32. Rff2 Rh6 33. Ne2 Rxg2+ 34. Rxg2
Qxh3+ 35. Kg1 Qh1+ 36. Kf2 Bh4+ 37. Ng3 Bxg3+ 0-1

[Event "XXXII Olimpiadi femminile"]
[Site "Yerevan ARM"]
[Date "1996.09.28"]
[Round "12.1"]
[White "Riegler, Alessandra"]
[Black "Eriksson-Wallace, Ingela S."]
[Result "1/2-1/2"]
[WhiteElo "1840"]
[BlackElo "2095"]
[Annotator "ITA-SWE"]
[PlyCount "59"]
[EventDate "1996.09.16"]

1. e4 e5 2. Nf3 d6 3. d4 Nf6 4. Nc3 Nbd7 5. Bc4 Be7 6. O-O O-O 7. a4 c6 8. Ba2
b6 9. h3 Bb7 10. Re1 a6 11. Bg5 b5 12. axb5 cxb5 13. dxe5 dxe5 14. Bxf6 Bxf6
15. Nd5 Nb6 16. Nxb6 Qxb6 17. c3 Qc5 18. Qe2 h6 19. Rad1 Rad8 20. Rd2 Rxd2 21.
Nxd2 Bd8 22. Rd1 Bc7 23. Qh5 Qe7 24. Qf3 Rd8 25. Bb3 Bb6 26. Nf1 Rxd1 27. Bxd1
Bc8 28. Bb3 Be6 29. Bd5 Qd7 30. Ng3 1/2-1/2

[Event "XXXII Olimpiadi femminile"]
[Site "Yerevan ARM"]
[Date "1996.09.28"]
[Round "12.2"]
[White "Jiretorn, Eva"]
[Black "Zavatta, Benedetta"]
[Result "1/2-1/2"]
[WhiteElo "2085"]
[BlackElo "1897"]
[Annotator "ITA-SWE"]
[PlyCount "86"]
[EventDate "1996.09.16"]

1. d4 d5 2. c4 e6 3. Nf3 Nf6 4. g3 Be7 5. Bg2 O-O 6. O-O b6 7. Nc3 Bb7 8. Ne5
Nbd7 9. cxd5 exd5 10. Qa4 Nb8 11. Rd1 Qe8 12. Qb3 c6 13. e4 dxe4 14. Nxe4 Nbd7
15. Ng5 Nxe5 16. dxe5 Nd5 17. Ne4 Rd8 18. Kh1 Qd7 19. Bd2 Qf5 20. f4 c5 21. Qf3
Rd7 22. g4 Qe6 23. Qg3 f6 24. exf6 Nxf6 25. Nxf6+ Bxf6 26. Bxb7 Rxb7 27. Qg2
Rd7 28. f5 Qd5 29. Qxd5+ Rxd5 30. Bc3 Bd4 31. Bxd4 cxd4 32. Rd3 Re8 33. Rad1
Re4 34. h3 Kf7 35. Kg2 Kf6 36. Kf3 Ke5 37. b4 a5 38. a3 h5 39. Rc1 hxg4+ 40.
hxg4 Rf4+ 41. Kg3 axb4 42. axb4 Rd6 43. Rc7 g5 1/2-1/2

[Event "XXXII Olimpiadi femminile"]
[Site "Yerevan ARM"]
[Date "1996.09.28"]
[Round "12.3"]
[White "Parrino, Giuseppina"]
[Black "Berg, Susanna"]
[Result "1-0"]
[WhiteElo "1849"]
[BlackElo "2100"]
[Annotator "ITA-SWE"]
[PlyCount "87"]
[EventDate "1996.09.16"]

1. e4 e5 2. Nc3 Nf6 3. f4 d5 4. fxe5 Nxe4 5. Nf3 Be7 6. d3 Nc5 7. b4 Ne6 8. a3
d4 9. Ne4 a6 10. Bb2 Nc6 11. g3 O-O 12. Bg2 Re8 13. O-O b6 14. Qe2 Bb7 15. Ned2
Na7 16. Qf2 Rf8 17. Nxd4 Bd5 18. Nxe6 fxe6 19. Qe2 c5 20. Rxf8+ Bxf8 21. bxc5
Bxc5+ 22. d4 Bxg2 23. dxc5 Bb7 24. Ne4 Qd5 25. cxb6 Nc8 26. Rd1 Qxe4 27. Rd8+
Kf7 28. Qh5+ Qg6 29. Rd7+ Ne7 30. Qxg6+ Kxg6 31. Rxb7 Nd5 32. Bd4 Rc8 33. Ra7
Rxc2 34. b7 Rc1+ 35. Kf2 Rb1 36. Bc5 Nc3 37. Bb4 Rb2+ 38. Kf3 Rb3 39. b8=Q Nb5+
40. Kg4 h5+ 41. Kh4 Nd4 42. Qe8+ Kf5 43. Qxh5+ Ke4 44. Qg4+ 1-0

[Event "XXXII Olimpiadi femminile"]
[Site "Yerevan ARM"]
[Date "1996.09.30"]
[Round "13.1"]
[White "Battsetseg, Tsagaan"]
[Black "Gramignani, Rita"]
[Result "1-0"]
[WhiteElo "2195"]
[BlackElo "2030"]
[Annotator "ITA-MGL"]
[PlyCount "67"]
[EventDate "1996.09.16"]

1. e4 c5 2. Nf3 Nc6 3. d4 cxd4 4. Nxd4 Nf6 5. Nc3 Qb6 6. Nb3 d6 7. Be3 Qc7 8.
Be2 a6 9. g4 e6 10. g5 Nd7 11. f4 b5 12. Bd3 Be7 13. Qe2 Bb7 14. Qf2 Na5 15.
O-O-O b4 16. Ne2 Rc8 17. Kb1 Nxb3 18. axb3 Nc5 19. Bxc5 Qxc5 20. Qxc5 Rxc5 21.
h4 h5 22. Rhf1 f5 23. exf5 exf5 24. Nd4 g6 25. Rfe1 Rh7 26. Re6 Rg7 27. Bc4 Kd7
28. Rde1 Ra5 29. Bd3 Bd8 30. c3 bxc3 31. bxc3 Re7 32. Rxe7+ Bxe7 33. Re6 Rc5
34. Kc2 1-0

[Event "XXXII Olimpiadi femminile"]
[Site "Yerevan ARM"]
[Date "1996.09.30"]
[Round "13.2"]
[White "Zavatta, Benedetta"]
[Black "Batceceg, Tuvshintogs"]
[Result "0-1"]
[WhiteElo "1897"]
[BlackElo "2040"]
[Annotator "ITA-MGL"]
[PlyCount "48"]
[EventDate "1996.09.16"]

1. d4 Nf6 2. Nf3 e6 3. c4 b6 4. g3 Bb7 5. Bg2 Be7 6. Nc3 O-O 7. O-O Ne4 8. Qc2
f5 9. Nd2 Nxc3 10. Bxb7 Nxe2+ 11. Kg2 Nxd4 12. Qd3 Nbc6 13. Bxa8 Qxa8 14. Kg1
Bf6 15. Rd1 e5 16. Rb1 e4 17. Qf1 Ne5 18. Qg2 Nd3 19. Kf1 Qe8 20. Nb3 Qh5 21.
Be3 Qe2+ 22. Kg1 Nf3+ 23. Kh1 Nde1 24. Qh3 Qxe3 0-1

[Event "XXXII Olimpiadi femminile"]
[Site "Yerevan ARM"]
[Date "1996.09.30"]
[Round "13.3"]
[White "Majigsuren, Dovdon"]
[Black "Parrino, Giuseppina"]
[Result "1-0"]
[WhiteElo "2110"]
[BlackElo "1849"]
[Annotator "ITA-MGL"]
[PlyCount "55"]
[EventDate "1996.09.16"]

1. e4 c5 2. Nf3 e6 3. d4 cxd4 4. Nxd4 Nc6 5. Nc3 a6 6. Nxc6 bxc6 7. Bd3 Qc7 8.
O-O d5 9. Re1 Nf6 10. e5 Nd7 11. f4 g5 12. Qh5 gxf4 13. Bxf4 Qb6+ 14. Kh1 Qxb2
15. Bd2 Bg7 16. Rab1 Qa3 17. Nxd5 cxd5 18. Bb4 Qa4 19. Rf1 Bxe5 20. Qxf7+ Kd8
21. Qxe6 d4 22. Qd5 Ra7 23. Ba5+ Rc7 24. Rf7 Re8 25. Bf5 Bd6 26. Bxd7 Qxc2 27.
Bxc7+ Qxc7 28. Bxe8 1-0

[Event "XXXII Olimpiadi femminile"]
[Site "Yerevan ARM"]
[Date "1996.10.01"]
[Round "14.1"]
[White "Gramignani, Rita"]
[Black "Parveen, Tanima"]
[Result "1/2-1/2"]
[WhiteElo "2030"]
[BlackElo "2100"]
[Annotator "ITA-BAN"]
[PlyCount "33"]
[EventDate "1996.09.16"]

1. e4 e5 2. Nf3 Nc6 3. Bb5 a6 4. Ba4 d6 5. c3 Nf6 6. d3 Be7 7. Nbd2 O-O 8. O-O
b5 9. Bc2 d5 10. Re1 dxe4 11. dxe4 Bc5 12. h3 Qe7 13. Nf1 Be6 14. Be3 Rad8 15.
Qc1 Nh5 16. Bxc5 Qxc5 17. Qe3 1/2-1/2

[Event "XXXII Olimpiadi femminile"]
[Site "Yerevan ARM"]
[Date "1996.10.01"]
[Round "14.2"]
[White "Khanom, Afrooza"]
[Black "Riegler, Alessandra"]
[Result "1-0"]
[WhiteElo "2045"]
[BlackElo "1840"]
[Annotator "ITA-BAN"]
[PlyCount "57"]
[EventDate "1996.09.16"]

1. d4 Nf6 2. Nf3 g6 3. Nc3 Bg7 4. e4 d6 5. Bf4 Nbd7 6. Qd2 O-O 7. Bh6 c5 8. d5
Qa5 9. Bxg7 Kxg7 10. Be2 Qb4 11. Bd3 c4 12. Be2 b5 13. Nd4 Bb7 14. Ndxb5 Nxe4
15. Nxe4 Qxb5 16. Qd4+ Kg8 17. Bxc4 Qa5+ 18. Nc3 Nb6 19. Bb3 Rac8 20. O-O Rc5
21. Rad1 Rfc8 22. Rfe1 R8c7 23. Ne4 Bxd5 24. Nxc5 e5 25. Qh4 Rxc5 26. Qd8+ Kg7
27. Qxd6 Bxb3 28. cxb3 Rd5 29. Qa3 1-0

[Event "XVI Festival Conca della Presolana B"]
[Site "Bratto - Castione della Presolana ITA"]
[Date "1996.08.??"]
[Round "?"]
[White "Righini, Giovanni"]
[Black "Pojer, Romeo"]
[Result "1-0"]
[WhiteElo "1800"]
[BlackElo "1930"]
[PlyCount "81"]
[EventDate "1996.08.22"]

1. e4 d6 2. d4 Nf6 3. Nc3 g6 4. Nf3 Bg7 5. Be2 O-O 6. O-O Nbd7 7. Bg5 e5 8.
dxe5 dxe5 9. Qd2 c6 10. Rad1 Qb6 11. Qc1 Re8 12. h3 Nc5 13. Qe3 Ne6 14. Qxb6
axb6 15. Be3 b5 16. a3 Nh5 17. Rfe1 Nhf4 18. Bf1 f6 19. Rd2 Bf8 20. Red1 b4 21.
axb4 Bxb4 22. Bc4 Kg7 23. Kh2 b5 24. Bb3 c5 25. Rd7+ Bxd7 26. Rxd7+ Kh8 27.
Nxb5 Rad8 28. Rxd8 Rxd8 29. g3 Ng5 30. Nxg5 fxg5 31. c3 Rb8 32. Bc4 Ne6 33.
cxb4 Nd4 34. Nxd4 cxd4 35. Bxg5 h6 36. Bf6+ Kh7 37. Bxe5 Rxb4 38. b3 d3 39. Bc3
Rb8 40. Kg2 Rd8 41. Bd2 1-0

[Event "XVI Festival Conca della Presolana C"]
[Site "Bratto - Castione della Presolana ITA"]
[Date "1996.08.??"]
[Round "?"]
[White "Elsido, Massimo"]
[Black "Saccani, Ettore"]
[Result "0-1"]
[WhiteElo "1558"]
[BlackElo "1582"]
[PlyCount "76"]
[EventDate "1996.08.22"]

1. e4 e6 2. d4 d5 3. e5 b6 4. Nf3 Ba6 5. Bxa6 Nxa6 6. O-O c5 7. c3 Nc7 8. h3
Ne7 9. Nh2 h5 10. Nf3 Qd7 11. a4 Nf5 12. Na3 Be7 13. Nc2 c4 14. Ne3 Nxe3 15.
Bxe3 f6 16. Re1 O-O-O 17. b3 Kb7 18. bxc4 dxc4 19. Bf4 Nd5 20. Bh2 f5 21. Qd2
Rdg8 22. Bf4 Nxf4 23. Qxf4 g5 24. Qe3 Qd5 25. Nd2 g4 26. g3 Bg5 27. f4 gxf3 28.
Qf2 Bxd2 29. Rf1 Bf4 30. g4 fxg4 31. h4 Rf8 32. a5 b5 33. a6+ Kc6 34. Rfb1 g3
35. Qc2 Be3+ 36. Kf1 g2+ 37. Qxg2 fxg2+ 38. Ke2 Qf3+ 0-1

[Event "XVI Festival Conca della Presolana C"]
[Site "Bratto - Castione della Presolana ITA"]
[Date "1996.08.??"]
[Round "?"]
[White "Lanzani, Eugenio"]
[Black "Saccani, Ettore"]
[Result "0-1"]
[WhiteElo "1561"]
[BlackElo "1582"]
[PlyCount "114"]
[EventDate "1996.08.22"]

1. e4 e6 2. d4 d5 3. e5 b6 4. Nf3 Ba6 5. Bxa6 Nxa6 6. c3 Qd7 7. Nbd2 c5 8. Nf1
Ne7 9. Ng3 O-O-O 10. Ng5 Ng6 11. f4 Nc7 12. O-O h6 13. Qh5 hxg5 14. Qxg5 Be7
15. Qg4 Rh4 16. Qe2 Rdh8 17. h3 R4h7 18. f5 Nh4 19. fxe6 Qxe6 20. Qf2 g6 21.
Be3 g5 22. dxc5 bxc5 23. Bxc5 Bxc5 24. Qxc5 Qxe5 25. Qf2 Nxg2 26. Kxg2 Rxh3 27.
Qf5+ Qe6 28. Qxe6+ fxe6 29. Rh1 Rxh1 30. Rxh1 Rxh1 31. Nxh1 Kd8 32. Kg3 Ke7 33.
Nf2 e5 34. Nd1 Kf6 35. Kg4 d4 36. cxd4 exd4 37. Nf2 Nd5 38. a3 Ne3+ 39. Kf3 Kf5
40. Nd3 Ng4 41. Nc5 Ne5+ 42. Ke2 g4 43. b4 g3 44. Kf1 Kf4 45. Kg2 d3 46. Nb3
Nc4 47. Kf1 d2 48. Ke2 g2 49. Nxd2 Nxd2 50. Kf2 Ke4 51. Kxg2 Kd5 52. Kf2 Kc6
53. Ke2 Nc4 54. a4 Nb2 55. Kd2 Nxa4 56. Kc2 Kb5 57. Kb3 Nb6 0-1

[Event "XVI Festival Conca della Presolana C"]
[Site "Bratto - Castione della Presolana ITA"]
[Date "1996.08.??"]
[Round "2"]
[White "Saccani, Ettore"]
[Black "Pieri, Enzo"]
[Result "0-1"]
[WhiteElo "1582"]
[BlackElo "1504"]
[PlyCount "122"]
[EventDate "1996.08.22"]

1. e4 c5 2. c3 d6 3. d4 cxd4 4. cxd4 Nf6 5. Nc3 Nc6 6. Nf3 Bg4 7. Be3 e6 8. Be2
Be7 9. O-O O-O 10. a3 a6 11. Qc2 Bh5 12. Rfd1 Bg6 13. Bd3 Ng4 14. Bf4 e5 15.
dxe5 dxe5 16. Bg3 Nd4 17. Nxd4 exd4 18. Nd5 Bh4 19. Be2 Bxg3 20. hxg3 Nf6 21.
Nxf6+ Qxf6 22. f3 Rfd8 23. Rac1 h5 24. Qc7 Rac8 25. Qf4 Rxc1 26. Qxc1 Qb6 27.
Bd3 f6 28. Kf2 Be8 29. Ke2 Kf8 30. Bc4 Rc8 31. b3 Qc5 32. Qb2 b5 33. Bd3 a5 34.
Rd2 Qc3 35. Qxc3 dxc3 36. Rc2 b4 37. axb4 axb4 38. Ra2 Bf7 39. Bc2 Ke8 40. Ra4
Bxb3 41. Bxb3 c2 42. Bxc2 Rxc2+ 43. Ke3 b3 44. Rb4 b2 45. Kf4 Rxg2 46. Rb3 Kd7
47. e5 g5+ 48. Ke4 fxe5 49. Kxe5 Rxg3 50. Rxb2 Rxf3 51. Rh2 h4 52. Ke4 Rf4+ 53.
Ke3 Ke6 54. Rh1 Kf5 55. Rh3 Kg4 56. Rh1 h3 57. Rg1+ Kh4 58. Rh1 Rf7 59. Ke2 g4
60. Rd1 h2 61. Rc1 Kh3 0-1

[Event "XVI Festival Conca della Presolana C"]
[Site "Bratto - Castione della Presolana ITA"]
[Date "1996.08.??"]
[Round "4"]
[White "Renzi, Nicola"]
[Black "Saccani, Ettore"]
[Result "1/2-1/2"]
[WhiteElo "1558"]
[BlackElo "1582"]
[PlyCount "70"]
[EventDate "1996.08.22"]

1. c4 Nf6 2. g3 e6 3. Bg2 d5 4. cxd5 exd5 5. Nf3 c6 6. d4 Be7 7. Nc3 O-O 8. O-O
Be6 9. Qc2 h6 10. a3 Nbd7 11. b4 Rc8 12. Na4 b6 13. Bd2 Ne4 14. Nc3 Nxd2 15.
Qxd2 Nf6 16. Rac1 Qd7 17. Ne5 Qd6 18. Rc2 c5 19. Nb5 Qb8 20. bxc5 bxc5 21. Qa5
cxd4 22. Nc6 Rxc6 23. Rxc6 Bd7 24. Rxf6 Bxf6 25. Nxa7 Bd8 26. Qa6 Qa8 27. Rb1
Re8 28. Kf1 Bc8 29. Qxc8 Qxa7 30. Qc6 Qe7 31. Bf3 d3 32. exd3 Kf8 33. d4 Qxa3
34. Qc5+ Qxc5 35. dxc5 d4 1/2-1/2

[Event "XVI Festival Conca della Presolana C"]
[Site "Bratto - Castione della Presolana ITA"]
[Date "1996.08.??"]
[Round "5"]
[White "Saccani, Ettore"]
[Black "Cottarelli, Franco"]
[Result "0-1"]
[WhiteElo "1582"]
[BlackElo "1641"]
[PlyCount "80"]
[EventDate "1996.08.22"]

1. e4 c6 2. d4 d5 3. Nc3 dxe4 4. Nxe4 Bf5 5. Ng3 Bg6 6. Nh3 Nf6 7. Bc4 e6 8.
O-O Bd6 9. Nf4 Qc7 10. Qf3 Nbd7 11. c3 Nb6 12. Bb3 Nbd5 13. Nxd5 cxd5 14. Re1
O-O 15. h4 Ne4 16. Nxe4 Bxe4 17. Rxe4 dxe4 18. Qxe4 Rfe8 19. Bc2 f5 20. Qf3 Qc6
21. Qd3 Rad8 22. Bg5 Be7 23. Bxe7 Rxe7 24. Re1 g6 25. Bb3 Kg7 26. d5 Qc5 27.
Qg3 Qd6 28. Re5 exd5 29. f4 Qc5+ 30. Kh2 Rxe5 31. fxe5 Re8 32. Qf4 Qc7 33. h5
Qxe5 34. h6+ Kf8 35. g3 Qxf4 36. gxf4 Re2+ 37. Kg3 Rxb2 38. Bxd5 b6 39. Kf3 Rh2
40. Ke3 Rxh6 0-1